000 00544nam a2200169 a 4500
001 000024241
005 20200930022834.0
008 110125s1995 dr a 000 0 spa d
040 _aDO-SdBNP
_bspa
_cBNPHU
082 _axxx
_bC744e
245 0 0 _aConceptos de Economía :
_bcuaderno no. 1.
260 _aSanto Domingo :
_bGente,
_c1995.
300 _a24 p. :
_bil. ;
_c21 cm.
710 2 _aInstituto Dominicano de Desarrollo Integral (IDDI)
_949769
710 2 _aCentro de Investigación Económica para el Caribe (CIECA)
_949770
049 _aBNPD
999 _c23735
_d23735